<?xml version="1.0" encoding="UTF-8"?>
<record
    xmlns:xsi="http://www.w3.org/2001/XMLSchema-instance"
    xsi:schemaLocation="http://www.loc.gov/MARC21/slim http://www.loc.gov/standards/marcxml/schema/MARC21slim.xsd"
    xmlns="http://www.loc.gov/MARC21/slim">

  <leader>04088nam a2200529 i 4500</leader>
  <controlfield tag="001">118935</controlfield>
  <controlfield tag="003">FINmELB</controlfield>
  <controlfield tag="005">20241217175016.0</controlfield>
  <controlfield tag="006">m     o  u        </controlfield>
  <controlfield tag="007">cr cn|||||||||</controlfield>
  <controlfield tag="008">230404s2022    ck abdofob   s001 0 spa d</controlfield>
  <datafield tag="020" ind1=" " ind2=" ">
    <subfield code="a">978-958-761-794-721-2</subfield>
    <subfield code="q">(e-book)</subfield>
  </datafield>
  <datafield tag="020" ind1=" " ind2=" ">
    <subfield code="z">978-958-761-794-720-5</subfield>
    <subfield code="q">(r&#xFA;stico)</subfield>
  </datafield>
  <datafield tag="035" ind1=" " ind2=" ">
    <subfield code="a">(OCoLC)1377204255</subfield>
  </datafield>
  <datafield tag="040" ind1=" " ind2=" ">
    <subfield code="a">FINmELB</subfield>
    <subfield code="b">spa</subfield>
    <subfield code="e">rda</subfield>
    <subfield code="c">FINmELB</subfield>
  </datafield>
  <datafield tag="050" ind1="1" ind2="4">
    <subfield code="a">SB369.2.C2</subfield>
    <subfield code="b">C548 2022</subfield>
  </datafield>
  <datafield tag="080" ind1=" " ind2=" ">
    <subfield code="a">634/635</subfield>
  </datafield>
  <datafield tag="082" ind1="0" ind2="4">
    <subfield code="a">634.3048</subfield>
    <subfield code="2">23</subfield>
  </datafield>
  <datafield tag="100" ind1="1" ind2=" ">
    <subfield code="a">Cleves Legu&#xED;zamo, Jos&#xE9; Alejandro,</subfield>
    <subfield code="d">1962-</subfield>
    <subfield code="e">autor.</subfield>
  </datafield>
  <datafield tag="245" ind1="1" ind2="0">
    <subfield code="a">Caracterizaci&#xF3;n agroecol&#xF3;gica y resiliencia de sistemas citr&#xED;colas en el departamento del Meta, Colombia /</subfield>
    <subfield code="c">Jos&#xE9; Alejandro Cleves-Legu&#xED;zamo.</subfield>
  </datafield>
  <datafield tag="250" ind1=" " ind2=" ">
    <subfield code="a">Primera edici&#xF3;n.</subfield>
  </datafield>
  <datafield tag="264" ind1=" " ind2="1">
    <subfield code="a">Bogot&#xE1; :</subfield>
    <subfield code="b">Universidad Nacional de Colombia :</subfield>
    <subfield code="b">Editorial Universidad Nacional de Colombia,</subfield>
    <subfield code="c">2022.</subfield>
  </datafield>
  <datafield tag="300" ind1=" " ind2=" ">
    <subfield code="a">1 recurso en l&#xED;nea (251 p&#xE1;ginas) :</subfield>
    <subfield code="b">ilustraciones (principalmente a color), diagramas, formas, fotograf&#xED;as, mapas</subfield>
  </datafield>
  <datafield tag="336" ind1=" " ind2=" ">
    <subfield code="a">texto</subfield>
    <subfield code="b">txt</subfield>
    <subfield code="2">rdacontent/spa</subfield>
  </datafield>
  <datafield tag="337" ind1=" " ind2=" ">
    <subfield code="a">computadora</subfield>
    <subfield code="b">c</subfield>
    <subfield code="2">rdamedia/spa</subfield>
  </datafield>
  <datafield tag="338" ind1=" " ind2=" ">
    <subfield code="a">recurso en l&#xED;nea</subfield>
    <subfield code="b">cr</subfield>
    <subfield code="2">rdacarrier/spa</subfield>
  </datafield>
  <datafield tag="490" ind1="1" ind2=" ">
    <subfield code="a">Colecci&#xF3;n Techn&#xE9;</subfield>
  </datafield>
  <datafield tag="500" ind1=" " ind2=" ">
    <subfield code="a">Incluye perfil acad&#xE9;mico del autor en la solapa del libro.</subfield>
  </datafield>
  <datafield tag="504" ind1=" " ind2=" ">
    <subfield code="a">Incluye referencias bibliogr&#xE1;ficas (p&#xE1;ginas 201-227) e &#xED;ndice tem&#xE1;tico.</subfield>
  </datafield>
  <datafield tag="505" ind1="0" ind2=" ">
    <subfield code="a">Cap&#xED;tulo 1. Sustento conceptual -- Cap&#xED;tulo 2. Caracterizaci&#xF3;n, tipificaci&#xF3;n y clasificaci&#xF3;n de los sistemas de producci&#xF3;n citr&#xED;cola -- Cap&#xED;tulo 3. Caracterizaci&#xF3;n de la variabilidad clim&#xE1;tica en el departamento del Meta -- Cap&#xED;tulo 4. Determinaci&#xF3;n de la EAP en sistemas productivos de naranja var. Valencia (Citrus sinensis L. Osbeck) tipificados en el departamento del Meta -- Cap&#xED;tulo 5. Resiliencia de sistemas productivos de naranja var. Valencia (Citrus sinensis L. Osbeck) tipificados en el departamento del Meta -- Conclusiones generales -- Anexos.</subfield>
  </datafield>
  <datafield tag="520" ind1="3" ind2=" ">
    <subfield code="a">Cada vez son m&#xE1;s evidentes el aumento en la recurrencia e intensidad de los fen&#xF3;menos ambientales asociados a la variabilidad y cambio clim&#xE1;tico, provocando graves repercusiones en las actividades desarrolladas por los seres humanos, con especial &#xE9;nfasis en la agricultura. En la literatura cient&#xED;fica especializada se reportan numerosas metodolog&#xED;as para evaluar la resiliencia de los sistemas agr&#xED;colas ante el accionar de disturbios ambientales o antr&#xF3;picos; sin embargo, por primera vez se aborda el an&#xE1;lisis desde una mirada compleja tanto de los componentes ecosist&#xE9;micos como culturales. A partir de consultas realizadas con cultivadores especialistas, se avanz&#xF3; en la ponderaci&#xF3;n de las categor&#xED;as, componentes y par&#xE1;metros, en el entendido de que las variables constitutivas de los sistemas no expresan id&#xE9;ntico comportamiento ante la ocurrencia, intensidad e incidencia de perturbaciones, seg&#xFA;n los factores biol&#xF3;gicos, socioecon&#xF3;micos y ambientales a los que se encuentran expuestos. Este libro brinda la oportunidad a sus lectores de conocer desde la perspectiva ecologista y ambiental, como el &#xED;ndice de resiliencia agroecosist&#xE9;mico (irag) es aplicable a aquella habilidad que los agroecosistemas activan para hacer frente a las perturbaciones y tensiones que deben enfrentar por su car&#xE1;cter din&#xE1;mico y cambiante.</subfield>
  </datafield>
  <datafield tag="588" ind1=" " ind2=" ">
    <subfield code="a">Descripci&#xF3;n basada en metadatos suministrados por el editor y otras fuentes.</subfield>
  </datafield>
  <datafield tag="590" ind1=" " ind2=" ">
    <subfield code="a">Recurso electr&#xF3;nico. Santa Fe, Arg.: elibro, 2023. Disponible v&#xED;a World Wide Web. El acceso puede estar limitado para las bibliotecas afiliadas a elibro.</subfield>
  </datafield>
  <datafield tag="650" ind1="1" ind2="4">
    <subfield code="a">Fruticultura</subfield>
    <subfield code="x">Ecolog&#xED;a</subfield>
    <subfield code="z">Meta</subfield>
    <subfield code="z">Colombia.</subfield>
  </datafield>
  <datafield tag="650" ind1="1" ind2="4">
    <subfield code="a">Frutas c&#xED;tricas.</subfield>
  </datafield>
  <datafield tag="650" ind1="1" ind2="4">
    <subfield code="a">C&#xED;tricos sinensis.</subfield>
  </datafield>
  <datafield tag="650" ind1="1" ind2="4">
    <subfield code="a">Naranja dulce.</subfield>
  </datafield>
  <datafield tag="650" ind1="1" ind2="4">
    <subfield code="a">Agroecolog&#xED;a.</subfield>
  </datafield>
  <datafield tag="650" ind1="1" ind2="4">
    <subfield code="a">Agroecosistemas.</subfield>
  </datafield>
  <datafield tag="650" ind1="1" ind2="4">
    <subfield code="a">Resiliencia de los ecosistemas.</subfield>
  </datafield>
  <datafield tag="650" ind1="1" ind2="4">
    <subfield code="a">Cambio clim&#xE1;tico.</subfield>
  </datafield>
  <datafield tag="650" ind1="1" ind2="4">
    <subfield code="a">Producci&#xF3;n ecol&#xF3;gica.</subfield>
  </datafield>
  <datafield tag="655" ind1=" " ind2="4">
    <subfield code="a">Libros electr&#xF3;nicos.</subfield>
  </datafield>
  <datafield tag="797" ind1="2" ind2=" ">
    <subfield code="a">elibro, Corp.</subfield>
  </datafield>
  <datafield tag="830" ind1=" " ind2="0">
    <subfield code="a">Techn&#xE9;.</subfield>
  </datafield>
  <datafield tag="856" ind1="4" ind2="0">
    <subfield code="u">https://elibro.net/ereader/politecnicointernacional/220628</subfield>
  </datafield>
  <datafield tag="999" ind1=" " ind2=" ">
    <subfield code="c">118935</subfield>
    <subfield code="d">118935</subfield>
  </datafield>
</record>
